NFL: Top 25 Active Players: Receiving Yards - Statistics

General Stats
  • This quiz has been taken 369 times
    64 since last reset
  • The average score is 20 of 25
Answer Stats
# Player Yards % Correct
21 Ja'Marr Chase 6,837
96%
12 Justin Jefferson 8,480
96%
4 Davante Adams 12,633
94%
7 Tyreek Hill 11,363
94%
15 A.J. Brown 8,029
92%
23 Amon-Ra St. Brown 6,252
92%
1 DeAndre Hopkins 13,295
92%
2 Mike Evans 13,052
90%
3 Travis Kelce 13,002
90%
19 DK Metcalf 7,174
88%
17 Chris Godwin 7,626
85%
6 Stefon Diggs 11,504
85%
18 CeeDee Lamb 7,416
83%
13 Cooper Kupp 8,369
83%
9 Tyler Lockett 8,885
83%
16 George Kittle 8,008
81%
11 Adam Thielen 8,497
79%
24 Mark Andrews 5,952
79%
22 Courtland Sutton 6,357
77%
5 Keenan Allen 12,051
77%
20 Terry McLaurin 6,961
75%
8 Brandin Cooks 9,811
65%
14 D.J. Moore 8,213
65%
25 Calvin Ridley 5,678
54%
10 Zach Ertz 8,592
54%
No matching quizzes found
Score Distribution
Percent of People with Each Score
Percentile by Number Answered
Your Score History
You have not taken this quiz since the last reset